logo

Bir Sreshtho Munshi Abdur Rouf Library
Jhenaidah Cadet College

শাহাদতে হোসাইন / (Record no. 3453)

MARC details
000 -LEADER
fixed length control field 00645nam a2200205 a 4500
003 - CONTROL NUMBER IDENTIFIER
JCCL marc code BD-JhCC
005 - DATE AND TIME OF LATEST TRANSACTION
control field 20171113202154.0
008 - FIXED-LENGTH DATA ELEMENTS--GENERAL INFORMATION
fixed length control field 171113s1964 bg |||| ||a| 000 0 ben d
035 ## - SYSTEM CONTROL NUMBER
system control number (BD-JhCC)
040 ## - CATALOGING SOURCE
Original cataloging agency BD-JhCC
Modifying agency BD-JhCC
041 ## - LANGUAGE CODE
Language code of Book ben
082 ## - DEWEY DECIMAL CLASSIFICATION NUMBER
Classification number 297
Author mark and Year AHM 1964
100 ## - MAIN ENTRY--PERSONAL NAME
Personal name আহমদ, নুরুদ্দীন
245 ## - TITLE STATEMENT
Title শাহাদতে হোসাইন /
Statement of responsibility, etc নুরুদ্দীন আহমদ
260 ## - PUBLICATION, DISTRIBUTION, ETC. (IMPRINT)
Place of publication, distribution, etc ঢাকা :
Name of publisher, distributor, etc ইসলামিয়া লাইব্রেরী ঢাকা ,
Date of publication, distribution, etc 1964
300 ## - PHYSICAL DESCRIPTION
Pagination 102 p .:
Dimensions 17 cm .
650 ## - SUBJECT ADDED ENTRY--TOPICAL TERM
Topical term or geographic name as entry element Historyof Islam
942 ## - ADDED ENTRY ELEMENTS (KOHA)
Source of classification or shelving scheme Dewey Decimal Classification
Koha item type Books

No items available.


JCC Library | Contacts | JCC Home

Last Update on 23 September 2017
Copyright @ 2017-2020 JCC Rouf Library
Rouf Library, Jhenidah Cadet College (JCC), Bangladesh